<?xml version="1.0" encoding="UTF-8"?>
<collection xmlns="http://www.loc.gov/MARC21/slim">
 <record>
  <leader>03390cam a2200625   4500</leader>
  <controlfield tag="001">786683678</controlfield>
  <controlfield tag="003">DE-627</controlfield>
  <controlfield tag="005">20241101163429.0</controlfield>
  <controlfield tag="007">tu</controlfield>
  <controlfield tag="008">140528s2014    gw |||||      00| ||ger c</controlfield>
  <datafield tag="020" ind1=" " ind2=" ">
   <subfield code="a">9781499206111</subfield>
   <subfield code="9">978-1-4992-0611-1</subfield>
  </datafield>
  <datafield tag="035" ind1=" " ind2=" ">
   <subfield code="a">(DE-627)786683678</subfield>
  </datafield>
  <datafield tag="035" ind1=" " ind2=" ">
   <subfield code="a">(DE-576)9786683676</subfield>
  </datafield>
  <datafield tag="035" ind1=" " ind2=" ">
   <subfield code="a">(DE-599)BSZ404999433</subfield>
  </datafield>
  <datafield tag="035" ind1=" " ind2=" ">
   <subfield code="a">(OCoLC)881615029</subfield>
  </datafield>
  <datafield tag="035" ind1=" " ind2=" ">
   <subfield code="a">(DE-604)BV041858392</subfield>
  </datafield>
  <datafield tag="040" ind1=" " ind2=" ">
   <subfield code="a">DE-627</subfield>
   <subfield code="b">ger</subfield>
   <subfield code="c">DE-627</subfield>
   <subfield code="e">rda</subfield>
  </datafield>
  <datafield tag="041" ind1=" " ind2=" ">
   <subfield code="a">ger</subfield>
   <subfield code="h">lat</subfield>
  </datafield>
  <datafield tag="044" ind1=" " ind2=" ">
   <subfield code="c">XA-DE-BY</subfield>
  </datafield>
  <datafield tag="082" ind1="0" ind2="4">
   <subfield code="a">890</subfield>
   <subfield code="a">B</subfield>
   <subfield code="q">DNB</subfield>
  </datafield>
  <datafield tag="084" ind1=" " ind2=" ">
   <subfield code="a">IU 4386</subfield>
   <subfield code="q">BVB</subfield>
   <subfield code="2">rvk</subfield>
   <subfield code="0">(DE-625)rvk/68757:</subfield>
  </datafield>
  <datafield tag="084" ind1=" " ind2=" ">
   <subfield code="a">LH 64150</subfield>
   <subfield code="2">rvk</subfield>
   <subfield code="0">(DE-625)rvk/94436:</subfield>
  </datafield>
  <datafield tag="084" ind1=" " ind2=" ">
   <subfield code="a">18.47</subfield>
   <subfield code="2">bkl</subfield>
  </datafield>
  <datafield tag="084" ind1=" " ind2=" ">
   <subfield code="a">20.05</subfield>
   <subfield code="2">bkl</subfield>
  </datafield>
  <datafield tag="100" ind1="1" ind2=" ">
   <subfield code="a">Colonna, Francesco</subfield>
   <subfield code="d">1433-1527</subfield>
   <subfield code="e">VerfasserIn</subfield>
   <subfield code="0">(DE-588)118521624</subfield>
   <subfield code="0">(DE-627)13343074X</subfield>
   <subfield code="0">(DE-576)160608031</subfield>
   <subfield code="4">aut</subfield>
  </datafield>
  <datafield tag="240" ind1="1" ind2="0">
   <subfield code="a">Hypnerotomachia Poliphili</subfield>
   <subfield code="0">(DE-588)4301312-0</subfield>
   <subfield code="0">(DE-627)121582019</subfield>
   <subfield code="0">(DE-576)211037869</subfield>
  </datafield>
  <datafield tag="245" ind1="1" ind2="0">
   <subfield code="a">Hypnerotomachia Poliphili</subfield>
   <subfield code="c">Francesco Colonna ; übersetzt und kommentiert von Thomas Reiser</subfield>
  </datafield>
  <datafield tag="250" ind1=" " ind2=" ">
   <subfield code="a">1. Auflage der Interlinearkommentarfassung</subfield>
  </datafield>
  <datafield tag="264" ind1=" " ind2="1">
   <subfield code="a">Breitenbrunn</subfield>
   <subfield code="b">Reiser</subfield>
   <subfield code="c">2014</subfield>
  </datafield>
  <datafield tag="300" ind1=" " ind2=" ">
   <subfield code="a">xvi, 708 Seiten</subfield>
   <subfield code="b">Illustrationen</subfield>
  </datafield>
  <datafield tag="336" ind1=" " ind2=" ">
   <subfield code="a">Text</subfield>
   <subfield code="b">txt</subfield>
   <subfield code="2">rdacontent</subfield>
  </datafield>
  <datafield tag="337" ind1=" " ind2=" ">
   <subfield code="a">ohne Hilfsmittel zu benutzen</subfield>
   <subfield code="b">n</subfield>
   <subfield code="2">rdamedia</subfield>
  </datafield>
  <datafield tag="338" ind1=" " ind2=" ">
   <subfield code="a">Band</subfield>
   <subfield code="b">nc</subfield>
   <subfield code="2">rdacarrier</subfield>
  </datafield>
  <datafield tag="490" ind1="1" ind2=" ">
   <subfield code="a">Theōn lykos</subfield>
   <subfield code="v">1a</subfield>
  </datafield>
  <datafield tag="500" ind1=" " ind2=" ">
   <subfield code="a">Literaturverzeichnis: Seiten 677-690</subfield>
  </datafield>
  <datafield tag="655" ind1=" " ind2="7">
   <subfield code="a">Quelle</subfield>
   <subfield code="0">(DE-588)4135952-5</subfield>
   <subfield code="0">(DE-627)105661236</subfield>
   <subfield code="0">(DE-576)209665084</subfield>
   <subfield code="2">gnd-content</subfield>
  </datafield>
  <datafield tag="655" ind1=" " ind2="7">
   <subfield code="a">Kommentar</subfield>
   <subfield code="0">(DE-588)4136710-8</subfield>
   <subfield code="0">(DE-627)104500719</subfield>
   <subfield code="0">(DE-576)209671467</subfield>
   <subfield code="2">gnd-content</subfield>
  </datafield>
  <datafield tag="689" ind1="0" ind2="0">
   <subfield code="d">u</subfield>
   <subfield code="0">(DE-588)4301312-0</subfield>
   <subfield code="0">(DE-627)121582019</subfield>
   <subfield code="0">(DE-576)211037869</subfield>
   <subfield code="a">Colonna, Francesco</subfield>
   <subfield code="d">1433-1527</subfield>
   <subfield code="t">Hypnerotomachia Poliphili</subfield>
   <subfield code="2">gnd</subfield>
  </datafield>
  <datafield tag="689" ind1="0" ind2="1">
   <subfield code="d">s</subfield>
   <subfield code="0">(DE-588)4061418-9</subfield>
   <subfield code="0">(DE-627)104221534</subfield>
   <subfield code="0">(DE-576)209139684</subfield>
   <subfield code="a">Übersetzung</subfield>
   <subfield code="2">gnd</subfield>
  </datafield>
  <datafield tag="689" ind1="0" ind2="2">
   <subfield code="d">s</subfield>
   <subfield code="0">(DE-588)4113292-0</subfield>
   <subfield code="0">(DE-627)105830437</subfield>
   <subfield code="0">(DE-576)209475285</subfield>
   <subfield code="a">Deutsch</subfield>
   <subfield code="2">gnd</subfield>
  </datafield>
  <datafield tag="689" ind1="0" ind2=" ">
   <subfield code="5">(DE-627)</subfield>
  </datafield>
  <datafield tag="700" ind1="1" ind2=" ">
   <subfield code="a">Reiser, Thomas</subfield>
   <subfield code="e">ÜbersetzerIn</subfield>
   <subfield code="e">KommentarverfasserIn</subfield>
   <subfield code="0">(DE-588)1119372569</subfield>
   <subfield code="0">(DE-627)872731464</subfield>
   <subfield code="0">(DE-576)479870918</subfield>
   <subfield code="4">trl</subfield>
   <subfield code="4">wac</subfield>
  </datafield>
  <datafield tag="787" ind1="0" ind2="8">
   <subfield code="i">Rezensiert in</subfield>
   <subfield code="a">Meier, Franziska, 1964 - </subfield>
   <subfield code="t">[Rezension von: Francesco Colonna, Hypnerotomachia Poliphili]</subfield>
   <subfield code="d">Regensburg : Schnell und Steiner, 2015</subfield>
   <subfield code="w">(DE-627)1678774901</subfield>
  </datafield>
  <datafield tag="830" ind1=" " ind2="0">
   <subfield code="a">Theōn lykos</subfield>
   <subfield code="v">1a</subfield>
   <subfield code="9">1</subfield>
   <subfield code="w">(DE-627)788088211</subfield>
   <subfield code="w">(DE-576)408411368</subfield>
   <subfield code="w">(DE-600)2774730-X</subfield>
   <subfield code="7">ns</subfield>
  </datafield>
  <datafield tag="856" ind1="4" ind2="2">
   <subfield code="u">http://d-nb.info/1052913717/04</subfield>
   <subfield code="m">B:DE-101</subfield>
   <subfield code="q">pdf/application</subfield>
   <subfield code="v">20140928014624</subfield>
   <subfield code="x">Verlag</subfield>
   <subfield code="3">Inhaltsverzeichnis</subfield>
  </datafield>
  <datafield tag="936" ind1="r" ind2="v">
   <subfield code="a">IU 4386</subfield>
   <subfield code="b">Colonna, Francesco</subfield>
   <subfield code="k">Romanistik</subfield>
   <subfield code="k">Italienische Sprache und Literatur</subfield>
   <subfield code="k">Italienische Literatur im 15. und 16. Jahrhundert</subfield>
   <subfield code="k">Literaturgeschichte</subfield>
   <subfield code="k">Einzelne Autoren und ausgewählte Anonyma</subfield>
   <subfield code="k">Autoren C</subfield>
   <subfield code="k">Colonna, Francesco</subfield>
   <subfield code="0">(DE-627)1271370905</subfield>
   <subfield code="0">(DE-625)rvk/68757:</subfield>
   <subfield code="0">(DE-576)201370905</subfield>
  </datafield>
  <datafield tag="936" ind1="r" ind2="v">
   <subfield code="a">LH 64150</subfield>
   <subfield code="b">Renaissance</subfield>
   <subfield code="k">Kunstgeschichte</subfield>
   <subfield code="k">Allgemeines. Allgemeine Kunstgeschichte</subfield>
   <subfield code="k">Allgemeine Kunstgeschichte: Quellen</subfield>
   <subfield code="k">Quellenschriften zur gesamten Kunstgeschichte</subfield>
   <subfield code="k">Quellenschriften nach Epochen</subfield>
   <subfield code="k">Renaissance</subfield>
   <subfield code="0">(DE-627)127107236X</subfield>
   <subfield code="0">(DE-625)rvk/94436:</subfield>
   <subfield code="0">(DE-576)20107236X</subfield>
  </datafield>
  <datafield tag="936" ind1="b" ind2="k">
   <subfield code="a">18.47</subfield>
   <subfield code="j">Neulateinische Literatur</subfield>
   <subfield code="0">(DE-627)10641559X</subfield>
  </datafield>
  <datafield tag="936" ind1="b" ind2="k">
   <subfield code="a">20.05</subfield>
   <subfield code="j">Kunst in Beziehung zu anderen Wissenschaftsgebieten</subfield>
   <subfield code="0">(DE-627)106415824</subfield>
  </datafield>
  <datafield tag="951" ind1=" " ind2=" ">
   <subfield code="a">BO</subfield>
  </datafield>
  <datafield tag="990" ind1=" " ind2=" ">
   <subfield code="a">Colonna, Francesco / Hypnerotomachia Poliphili</subfield>
  </datafield>
  <datafield tag="990" ind1=" " ind2=" ">
   <subfield code="a">Übersetzung</subfield>
  </datafield>
  <datafield tag="990" ind1=" " ind2=" ">
   <subfield code="a">Deutsch</subfield>
  </datafield>
  <datafield tag="991" ind1=" " ind2=" ">
   <subfield code="a">Rezensiertes Werk</subfield>
  </datafield>
  <datafield tag="999" ind1=" " ind2=" ">
   <subfield code="a">KXP-PPN786683678</subfield>
   <subfield code="e">4161696361</subfield>
  </datafield>
 </record>
</collection>
